000 00716nam a2200193 a 4500
001 22434
003 CO-ViMGA
008 141112s2004 ck r 000 u spa d
040 _aCO-ViMGA
_bspa
_cCO-ViMGA
082 0 4 _a220.6 I137a
100 1 _aIafrancesco V, Gino
_931792
245 1 0 _aAproximación a crónicas :
_bun enfoque a la recapitulación supletoria fundante veterotestamentaria tipo de la economía divína
260 _aBogotá :
_bCristiania,
_c1990
300 _a324
505 _aInteres del libro 1 - 44 - - fuentes del libro 45 - 153
590 _aForma de adquisición : Donación - - Precio : 20.000 - - Fecha de adquisición : 208
650 1 4 _aBIBLIA - COMENTARIOS
_931793
942 _2ddc
_cBK
999 _c30740
_d30740